Les clubs vainqueurs de la Copa Libertadores - Statistiques

Statistiques générales
  • Ce quiz a été pris 142 fois
  • Le résultat moyen est 30 sur 61
Statistiques - réponses
Année Vainqueur Pays % Correct
1986 River Plate Argentine
93%
1996 River Plate (2) Argentine
93%
2015 River Plate (3) Argentine
93%
2018 River Plate (4) Argentine
93%
1978 Boca Juniors (2) Argentine
87%
2000 Boca Juniors (3) Argentine
87%
2001 Boca Juniors (4) Argentine
87%
2003 Boca Juniors (5) Argentine
87%
2007 Boca Juniors (6) Argentine
87%
1977 Boca Juniors Argentine
86%
1962 Santos Brésil
79%
1963 Santos (2) Brésil
79%
2011 Santos (3) Brésil
79%
1981 Flamengo Brésil
77%
2019 Flamengo (2) Brésil
77%
1993 Sao Paulo FC (2) Brésil
61%
2005 Sao Paulo FC (3) Brésil
61%
1992 Sao Paulo FC Brésil
60%
2016 Atletico Nacional (2) Colombie
53%
1980 Nacional (2) Uruguay
53%
1988 Nacional (3) Uruguay
53%
1999 Palmeiras Brésil
53%
2020 Palmeiras (2) Brésil
53%
2012 Corinthians Brésil
51%
1983 Gremio Brésil
50%
1995 Gremio (2) Brésil
50%
2017 Gremio (3) Brésil
50%
1960 Peñarol Uruguay
50%
1961 Peñarol (2) Uruguay
50%
1966 Peñarol (3) Uruguay
50%
1982 Peñarol (4) Uruguay
50%
1987 Peñarol (5) Uruguay
50%
1991 Colo Colo Chili
46%
1989 Atletico Nacional Colombie
43%
1971 Nacional Uruguay
43%
1964 Independiente Argentine
37%
1965 Independiente (2) Argentine
37%
1972 Independiente (3) Argentine
37%
1973 Independiente (4) Argentine
37%
1974 Independiente (5) Argentine
37%
1975 Independiente (6) Argentine
37%
1984 Independiente (7) Argentine
37%
2008 LDU Quito Équateur
36%
2013 Atletico Mineiro Brésil
31%
1968 Estudiantes Argentine
30%
1969 Estudiantes (2) Argentine
30%
1970 Estudiantes (3) Argentine
30%
2009 Estudiantes (4) Argentine
30%
2006 Internacional Brésil
30%
2010 Internacional (2) Brésil
30%
1997 Cruzeiro (2) Brésil
29%
1976 Cruzeiro Brésil
28%
1967 Racing Club Argentine
28%
2014 San Lorenzo Argentine
27%
1994 Velez Sarsfield Argentine
21%
1985 Argentinos Juniors Argentine
19%
1979 Club Olimpia Paraguay
18%
1990 Club Olimpia (2) Paraguay
18%
2002 Club Olimpia (3) Paraguay
18%
1998 Vasco da Gama Brésil
16%
2004 Once Caldas Colombie
9%
Aucun quiz correspondant
Distribution des résultats
% des personnes avec chaque résultat
Percentile par nombre de réponses
Votre historique - résultats
Vous n’avez pas pris ce quiz